[Event "Titled Tuesday intern op 06th May Early"]
[Site "Chess.com INT"]
[Date "2025.05.06"]
[Round "6"]
[White "Sydykov, Bayastan"]
[Black "Khazhatuly, Alikhan"]
[Result "1-0"]
[WhiteElo "2301"]
[BlackElo "2196"]
[PlyCount "95"]
[EventDate "2025.05.06"]
[EventType "swiss (blitz)"]
[EventRounds "11"]
[EventCountry "USA"]
[SourceTitle "CB20_2025"]
[SourceDate "2025.05.14"]
[SourceVersion "1"]
[SourceVersionDate "2025.05.14"]
[SourceQuality "1"]

1. Nf3 Nf6 2. d4 e6 3. Bf4 d5 4. e3 c5 5. c3 Nc6 6. Nbd2 Bd6 7. Bg3 0-0 8. Bd3 Re8 9. Ne5 Bxe5 10. dxe5 Nd7 11. f4 c4 12. Bc2 Nc5 13. 0-0 Ne7 14. Bf2 b6 15. e4 Nd3 16. Bxd3 cxd3 17. Bh4 Bb7 18. Bxe7 Rxe7 19. exd5 Qxd5 20. Rf2 Rd8 21. Qg4 Qc5 22. Re1 Bd5 23. a3 b5 24. h4 a5 25. h5 h6 26. Qg3 Bb7 27. Kh2 a4 28. Re3 Red7 29. f5 exf5 30. Rxf5 Qc7 31. Qg4 Re7 32. Rg3 f6 33. exf6 Rf7 34. fxg7 Bc8 35. Rxf7 Qxf7 36. Qh4 Re8 37. Rxd3 Bb7 38. Rg3 Qc7 39. Qf6 Qf7 40. Qxh6 Qd5 41. Qh8+ Kf7 42. g8Q+ Rxg8 43. Qxg8+ Kf6 44. Qxd5 Bxd5 45. h6 Bf7 46. h7 Kf5 47. h8Q Kf4 48. Qf6# 1-0

[Event "KAZ-ch U20"]
[Site "Almaty"]
[Date "2025.05.02"]
[Round "4"]
[White "Baitleu, Syrym"]
[Black "Khazhatuly, Alikhan"]
[Result "0-1"]
[WhiteElo "1989"]
[BlackElo "2196"]
[PlyCount "64"]
[EventDate "2025.05.01"]
[EventType "swiss"]
[EventRounds "9"]
[EventCountry "KAZ"]
[SourceTitle "CB19_2025"]
[SourceDate "2025.05.07"]
[SourceVersion "1"]
[SourceVersionDate "2025.05.07"]
[SourceQuality "1"]

1. e4 c5 2. Nf3 e6 3. c3 Nf6 4. e5 Nd5 5. d4 cxd4 6. cxd4 d6 7. Bc4 Nc6 8. 0-0 Be7 9. Qe2 0-0 10. Rd1 Bd7 11. Bd2 Rc8 12. Nc3 Ndb4 13. Bf4 d5 14. Bd3 Nxd3 15. Rxd3 a6 16. a3 b5 17. h4 Bxh4 18. g3 Be7 19. Kg2 f5 20. exf6 Bxf6 21. Rh1 Qe8 22. Ne5 Bxe5 23. Bxe5 Qg6 24. Re3 Rf5 25. Rh4 Rcf8 26. Nd1 Nxe5 27. Rxe5 Rxe5 28. dxe5 d4 29. Rxd4 Bc6+ 30. Kg1 Bf3 31. Qe3 Qc2 32. Rd2 Qf5 0-1

[Event "KAZ-ch U20"]
[Site "Almaty"]
[Date "2025.05.01"]
[Round "1"]
[White "Khazhatuly, Alikhan"]
[Black "Yerkin, Ansar"]
[Result "1-0"]
[WhiteElo "2196"]
[BlackElo "1734"]
[PlyCount "49"]
[EventDate "2025.05.01"]
[EventType "swiss"]
[EventRounds "9"]
[EventCountry "KAZ"]
[SourceTitle "CB19_2025"]
[SourceDate "2025.05.07"]
[SourceVersion "1"]
[SourceVersionDate "2025.05.07"]
[SourceQuality "1"]

1. e4 e6 2. d4 d5 3. Nd2 c5 4. exd5 Qxd5 5. Ngf3 cxd4 6. Bc4 Qd7 7. 0-0 Nc6 8. Nb3 a6 9. a4 Bd6 10. Nbxd4 Nxd4 11. Qxd4 Nf6 12. b3 0-0 13. Bb2 Qc7 14. Rad1 Rd8 15. Qh4 Be7 16. Be5 Qa5 17. Bd3 h6 18. Qc4 Nd5 19. Qe4 Nf6 20. Qc4 Nd5 21. Qg4 Bf6 22. Qe4 g6 23. c4 Bxe5 24. Qxe5 f6 25. Qg3 1-0

[Event "Almaty zt 3.4"]
[Site "Almaty"]
[Date "2025.04.08"]
[Round "8"]
[White "Khazhatuly, Alikhan"]
[Black "Tologontegin, Semetey"]
[Result "1-0"]
[WhiteElo "2128"]
[BlackElo "2358"]
[PlyCount "67"]
[EventDate "2025.04.02"]
[EventType "swiss"]
[EventRounds "9"]
[EventCountry "KAZ"]
[SourceTitle "CB15_2025"]
[SourceDate "2025.04.09"]
[SourceVersion "1"]
[SourceVersionDate "2025.04.09"]
[SourceQuality "1"]

1. e4 Nf6 2. e5 Nd5 3. c4 Nb6 4. d4 d6 5. f4 dxe5 6. fxe5 Bf5 7. Nc3 e6 8. Nf3 Bb4 9. Be3 c5 10. a3 Bxc3+ 11. bxc3 0-0 12. Bd3 Nc6 13. 0-0 Na5 14. Bg5 Qd7 15. Bxf5 exf5 16. Nh4 f6 17. exf6 g6 18. Qf3 Nbxc4 19. Rae1 Nc6 20. Qg3 Rf7 21. dxc5 Kh8 22. Nxg6+ hxg6 23. Qh4+ Rh7 24. Qxc4 Re8 25. h4 Rf7 26. h5 Rg8 27. Re7 Rxe7 28. fxe7 Qe8 29. Qe6 Kh7 30. Rf3 Rg7 31. hxg6+ Rxg6 32. Rh3+ Kg7 33. Bh6+ Rxh6 34. Rxh6 1-0

[Event "Almaty zt 3.4"]
[Site "Almaty"]
[Date "2025.04.05"]
[Round "4"]
[White "Khazhatuly, Alikhan"]
[Black "Dairov, Daryn"]
[Result "1-0"]
[WhiteElo "2128"]
[BlackElo "1958"]
[PlyCount "59"]
[EventDate "2025.04.02"]
[EventType "swiss"]
[EventRounds "9"]
[EventCountry "KAZ"]
[SourceTitle "CB15_2025"]
[SourceDate "2025.04.09"]
[SourceVersion "1"]
[SourceVersionDate "2025.04.09"]
[SourceQuality "1"]

1. e4 e6 2. d4 d5 3. Nd2 c5 4. exd5 Qxd5 5. Ngf3 cxd4 6. Bc4 Qd6 7. 0-0 Nf6 8. Nb3 Nc6 9. Nbxd4 Nxd4 10. Nxd4 Qc7 11. Bb3 Bd6 12. h3 a6 13. Qe2 0-0 14. Bg5 Bh2+ 15. Kh1 Bf4 16. Bxf6 gxf6 17. c3 f5 18. Rfe1 Bh6 19. Rad1 Bg7 20. Qh5 b6 21. Nf3 h6 22. Nd4 Qf4 23. Re3 Qxf2 24. Rf3 Qxb2 25. Rg3 Qf2 26. Rf3 Qb2 27. Bc2 Kh7 28. Rg3 Bxd4 29. Rxd4 Qxc2 30. Qxh6+ 1-0

[Event "Wch U14 blitz"]
[Site "Terme Catez"]
[Date "2024.12.16"]
[Round "8"]
[White "Khazhatuly, Alikhan"]
[Black "Rosol, Philip"]
[Result "1-0"]
[WhiteElo "1938"]
[BlackElo "2084"]
[PlyCount "125"]
[EventDate "2024.12.16"]
[EventType "swiss (blitz)"]
[EventRounds "22"]
[EventCountry "SLO"]
[SourceTitle "CB51_2024"]
[SourceDate "2024.12.18"]
[SourceVersion "1"]
[SourceVersionDate "2024.12.18"]
[SourceQuality "1"]

1. e4 c5 2. Nf3 e6 3. d4 cxd4 4. Nxd4 Nc6 5. Nc3 Qc7 6. Be2 a6 7. 0-0 Nf6 8. Be3 Be7 9. Kh1 0-0 10. f4 d6 11. a3 Bd7 12. Bd3 b5 13. Qe2 Rac8 14. Rae1 Nxd4 15. Bxd4 e5 16. fxe5 dxe5 17. Nd5 Qd6 18. Nxe7+ Qxe7 19. Bc3 Rfe8 20. Bb4 Qe6 21. Rf3 Rc6 22. Ref1 Qg4 23. Bc3 Qh5 24. h3 Bg4 25. Qe3 Bxf3 26. Rxf3 Rce6 27. Rg3 Kh8 28. Qa7 Qd1+ 29. Kh2 Nh5 30. Rf3 R6e7 31. Qxa6 Nf4 32. Qxb5 h5 33. h4 Ng6 34. Bb4 Nxh4 35. Rh3 Qg4 36. Rg3 Qf4 37. Bxe7 Rxe7 38. Qb8+ Kh7 39. Qc8 Nf3+ 40. gxf3 h4 41. Qh3 Qxg3+ 42. Qxg3 hxg3+ 43. Kxg3 Rb7 44. b3 Ra7 45. a4 Kg6 46. Bb5 Kf6 47. c4 Ke7 48. c5 Rc7 49. b4 g6 50. Bc4 f5 51. Bd5 Ra7 52. a5 Kd7 53. Kh4 Kc7 54. Kg5 Ra6 55. exf5 gxf5 56. Kxf5 Rh6 57. Kxe5 Rh5+ 58. Kd4 Rh4+ 59. Be4 Rf4 60. b5 Rh4 61. b6+ Kb8 62. a6 Rxe4+ 63. fxe4 1-0

[Event "Wch U14 blitz"]
[Site "Terme Catez"]
[Date "2024.12.16"]
[Round "20"]
[White "Khazhatuly, Alikhan"]
[Black "Smirnov, Maksim"]
[Result "1/2-1/2"]
[WhiteElo "1938"]
[BlackElo "2113"]
[PlyCount "53"]
[EventDate "2024.12.16"]
[EventType "swiss (blitz)"]
[EventRounds "22"]
[EventCountry "SLO"]
[SourceTitle "CB51_2024"]
[SourceDate "2024.12.18"]
[SourceVersion "1"]
[SourceVersionDate "2024.12.18"]
[SourceQuality "1"]

1. e4 c6 2. d4 d5 3. Nd2 dxe4 4. Nxe4 Nf6 5. Nxf6+ exf6 6. Nf3 Na6 7. h3 Nc7 8. c4 Bd6 9. Bd3 Be6 10. 0-0 0-0 11. Qc2 g6 12. Be3 Re8 13. Rad1 Qd7 14. Qc1 Bxh3 15. gxh3 Qxh3 16. Bf4 Qg4+ 17. Bg3 Bxg3 18. fxg3 Qxg3+ 19. Kh1 Ne6 20. Qd2 Nf4 21. Qf2 Qh3+ 22. Qh2 Qg4 23. Qg1 Qh3+ 24. Qh2 Qg4 25. Qg1 Qh3+ 26. Qh2 Qg4 27. Qg1 1/2-1/2

[Event "Wch U14 blitz"]
[Site "Terme Catez"]
[Date "2024.12.16"]
[Round "15"]
[White "Radzimski, Antoni"]
[Black "Khazhatuly, Alikhan"]
[Result "0-1"]
[WhiteElo "2066"]
[BlackElo "1938"]
[PlyCount "72"]
[EventDate "2024.12.16"]
[EventType "swiss (blitz)"]
[EventRounds "22"]
[EventCountry "SLO"]
[SourceTitle "CB51_2024"]
[SourceDate "2024.12.18"]
[SourceVersion "1"]
[SourceVersionDate "2024.12.18"]
[SourceQuality "1"]

1. d4 d5 2. c4 e6 3. Nc3 Nf6 4. cxd5 exd5 5. Bg5 c6 6. e3 Be7 7. Bd3 0-0 8. Qc2 h6 9. Bh4 Re8 10. Nge2 Nbd7 11. 0-0 Ne4 12. Bxe7 Qxe7 13. Bxe4 dxe4 14. a3 Nf6 15. b4 a6 16. Rab1 Be6 17. Na4 Bd5 18. Nb6 Rad8 19. a4 Ng4 20. Nf4 g5 21. Nfxd5 cxd5 22. h3 Qd6 23. hxg4 Qxb6 24. Rfc1 Qe6 25. Qe2 Rc8 26. b5 a5 27. Kh2 Kg7 28. Rc5 b6 29. Rcc1 Qd6+ 30. g3 Qf6 31. Kg2 Qe6 32. Kh2 Rxc1 33. Rxc1 Rc8 34. Rxc8 Qxc8 35. Kg2 Kf6 36. Qb2 Ke6 0-1

[Event "Wch U14 rapid"]
[Site "Terme Catez"]
[Date "2024.12.14"]
[Round "2"]
[White "Katsanis, Vasileios Dimitrios"]
[Black "Khazhatuly, Alikhan"]
[Result "1/2-1/2"]
[WhiteElo "2249"]
[BlackElo "1970"]
[PlyCount "145"]
[EventDate "2024.12.14"]
[EventType "swiss (rapid)"]
[EventRounds "11"]
[EventCountry "SLO"]
[SourceTitle "CB51_2024"]
[SourceDate "2024.12.18"]
[SourceVersion "1"]
[SourceVersionDate "2024.12.18"]
[SourceQuality "1"]

1. d4 d5 2. c4 e6 3. Nc3 Nf6 4. cxd5 exd5 5. Bg5 c6 6. Qc2 Be7 7. e3 h6 8. Bh4 0-0 9. Bd3 Re8 10. Nge2 Nbd7 11. f3 b6 12. 0-0 Bb7 13. Rad1 c5 14. Bf2 cxd4 15. Nxd4 Rc8 16. Rfe1 Bb4 17. Nde2 Qc7 18. a3 Bd6 19. h3 Bc5 20. Qd2 Ne5 21. Nd4 Bxd4 22. exd4 Nc4 23. Bxc4 Qxc4 24. Re5 Nd7 25. Rxe8+ Rxe8 26. Re1 Rxe1+ 27. Qxe1 Qc8 28. Qe7 Bc6 29. Bg3 Qf8 30. Nxd5 Bxd5 31. Qxd7 Qa8 32. Kh2 Qb7 33. Qd8+ Kh7 34. Qe8 b5 35. Bd6 a6 36. Qe5 Kg8 37. Kg3 Be6 38. Qe4 Qd5 39. Bf4 f6 40. Bd2 Qd6+ 41. Kf2 Qd5 42. Qf4 Kh7 43. h4 h5 44. Ke3 Kg6 45. Qe4+ Kf7 46. Bc3 Qd7 47. Kd2 Bd5 48. Qf4 Bc4 49. Bb4 Qe6 50. Qe4 Bd5 51. Qf4 Bc4 52. Qe4 Bd5 53. Qd3 Bc4 54. Qe3 Qxe3+ 55. Kxe3 Ke6 56. Kf4 g6 57. g4 Bd5 58. Ba5 Bc6 59. Bd8 Bd5 60. Ke3 Bc6 61. Bb6 Bd5 62. Ba5 Bc6 63. Bd8 Bd5 64. gxh5 gxh5 65. f4 f5 66. Kd3 Kd6 67. Kc3 Kc6 68. Kb4 Bg8 69. b3 Bf7 70. a4 Be6 71. Be7 Bf7 72. Kc3 Bd5 73. a5 1/2-1/2

[Event "Wch U14 rapid"]
[Site "Terme Catez"]
[Date "2024.12.14"]
[Round "4"]
[White "Shevchenko, Yaroslav"]
[Black "Khazhatuly, Alikhan"]
[Result "1-0"]
[WhiteElo "2191"]
[BlackElo "1970"]
[PlyCount "87"]
[EventDate "2024.12.14"]
[EventType "swiss (rapid)"]
[EventRounds "11"]
[EventCountry "SLO"]
[SourceTitle "CB51_2024"]
[SourceDate "2024.12.18"]
[SourceVersion "1"]
[SourceVersionDate "2024.12.18"]
[SourceQuality "1"]

1. d4 d5 2. c4 e6 3. Nf3 Nf6 4. g3 Be7 5. Bg2 dxc4 6. 0-0 0-0 7. Qc2 a6 8. a4 Bd7 9. Rd1 Bc6 10. Nc3 Nbd7 11. e4 b5 12. d5 exd5 13. e5 Ne4 14. Nxd5 Bxd5 15. Rxd5 Nec5 16. axb5 Qc8 17. Nd4 Nb6 18. Nc6 Nxd5 19. Bxd5 Re8 20. Qxc4 axb5 21. Rxa8 Qxa8 22. Nxe7+ Rxe7 23. Qxc5 Qe8 24. Bf4 Qd7 25. Kg2 h6 26. h4 b4 27. h5 Qd8 28. Bc4 Re8 29. Qxb4 Qa8+ 30. Kg1 Qf3 31. Qb3 Qxh5 32. Kg2 Qf5 33. Bd3 Qd7 34. Bb5 c6 35. Bc4 Qf5 36. Qf3 g5 37. e6 fxe6 38. Qxc6 Qf7 39. Be5 Re7 40. Qa8+ Re8 41. Qe4 Rf8 42. Bd4 Re8 43. Qe5 Qg6 44. Bd3 1-0

[Event "Moscow Botvinnik Memorial Cup"]
[Site "Moscow"]
[Date "2024.09.05"]
[Round "3.27"]
[White "Khazhatuly, Alikhan"]
[Black "Demidov, Mikhail"]
[Result "1/2-1/2"]
[WhiteElo "1906"]
[BlackElo "2549"]
[PlyCount "157"]
[EventDate "2024.09.04"]
[EventType "team-tourn"]
[EventRounds "9"]
[EventCountry "RUS"]
[SourceTitle "EXT 2025"]
[Source "ChessBase"]
[SourceDate "2024.10.14"]
[SourceVersion "1"]
[SourceVersionDate "2024.10.14"]
[SourceQuality "1"]
[WhiteTeam "Kazakhstan"]
[BlackTeam "Russia"]
[WhiteTeamCountry "KAZ"]
[BlackTeamCountry "RUS"]

1. e4 e5 2. Nf3 Nc6 3. Nc3 Nf6 4. Bb5 d6 5. d4 Bd7 6. Bg5 Be7 7. dxe5 Nxe5 8. Nxe5 dxe5 9. Bxf6 Bxf6 10. Bxd7+ Qxd7 11. Qxd7+ Kxd7 12. 0-0-0+ Ke6 13. Nd5 Bd8 14. f4 exf4 15. Nxf4+ Ke7 16. Nd5+ Ke8 17. h4 h5 18. Rd3 Rh6 19. g3 Re6 20. Re1 c6 21. Nf4 Re5 22. Rf3 Bc7 23. Nd3 Re7 24. e5 Kf8 25. Nf4 Kg8 26. Nxh5 Bxe5 27. Ref1 Rae8 28. Nf4 Bc7 29. Nd3 f6 30. R1f2 Re3 31. Kd2 Bb6 32. c3 Kh7 33. Nf4 Kh6 34. a3 a5 35. a4 Ba7 36. Rf1 R3e4 37. b3 Rd8+ 38. Kc2 Bb8 39. R1f2 Rde8 40. Kd2 Ba7 41. Re2 Bb8 42. Rxe4 Rxe4 43. Ng2 Kg6 44. Ne3 b5 45. Kd3 Re5 46. g4 Ba7 47. Ng2 Kf7 48. Rg3 Rd5+ 49. Kc2 Re5 50. Kd3 Bb6 51. Rf3 Bc5 52. Rf1 Ke7 53. Ra1 b4 54. c4 Bb6 55. Rf1 Ba7 56. Rf5 Kd6 57. Rf3 Re7 58. Rf5 Bb6 59. Rf4 Rd7 60. Re4 Bf2 61. Ke2 Bg1 62. Nf4 Rf7 63. Re6+ Kd7 64. Kf3 g5 65. Re1 Bh2 66. Rd1+ Kc8 67. Ng2 gxh4 68. Nxh4 Rh7 69. Ng6 Bc7 70. Ke4 Rh2 71. Rd3 Bd8 72. Nf4 Rh1 73. Ng6 Re1+ 74. Re3 Rg1 75. Kf5 Rf1+ 76. Ke6 Kc7 77. Rd3 Re1+ 78. Kf5 Rf1+ 79. Ke4 1/2-1/2

[Event "Daqing Boyi Cup-B"]
[Site "Daqing"]
[Date "2024.07.15"]
[Round "6"]
[White "Khazhatuly, Alikhan"]
[Black "Yao, Zheyu"]
[Result "1-0"]
[WhiteElo "1993"]
[BlackElo "1472"]
[PlyCount "65"]
[EventDate "2024.07.13"]
[EventType "swiss"]
[EventRounds "9"]
[EventCountry "CHN"]
[SourceTitle "CBM 221 Extra"]
[Source "ChessBase"]
[SourceDate "2024.09.30"]
[SourceVersion "1"]
[SourceVersionDate "2024.09.30"]
[SourceQuality "1"]

1. e4 c5 2. Nf3 d6 3. d4 cxd4 4. Nxd4 Nf6 5. Nc3 Nc6 6. f3 g6 7. Be3 Bg7 8. Qd2 Bd7 9. 0-0-0 Rc8 10. Kb1 0-0 11. g4 Ne8 12. h4 Nc7 13. Nxc6 bxc6 14. h5 Ne6 15. hxg6 fxg6 16. f4 Rf7 17. f5 Nf8 18. Bc4 e6 19. Qxd6 Bxc3 20. fxe6 Nxe6 21. Bxe6 Bxe6 22. Qxd8+ Rxd8 23. Rxd8+ Kg7 24. bxc3 Rb7+ 25. Kc1 Bxa2 26. Bd4+ Kf7 27. Rxh7+ Ke6 28. Rxb7 a5 29. Rf8 Kd6 30. Rd8+ Ke6 31. Rg7 Bc4 32. e5 Bd5 33. Rd6# 1-0

[Event "Asia-ch U14"]
[Site "Almaty"]
[Date "2024.06.13"]
[Round "2"]
[White "Mamedov, Edgar"]
[Black "Khazhatuly, Alikhan"]
[Result "1/2-1/2"]
[WhiteElo "2410"]
[BlackElo "1971"]
[PlyCount "146"]
[EventDate "2024.06.12"]
[EventType "swiss"]
[EventRounds "9"]
[EventCountry "KAZ"]
[SourceTitle "EXT 2025"]
[Source "ChessBase"]
[SourceDate "2024.10.14"]
[SourceVersion "1"]
[SourceVersionDate "2024.10.14"]
[SourceQuality "1"]
[WhiteTeam "KAZ"]
[BlackTeam "KAZ"]

1. d4 d5 2. c4 e6 3. Nf3 Nf6 4. g3 dxc4 5. Bg2 Nc6 6. Qa4 Bd6 7. Nbd2 Bd7 8. Qxc4 0-0 9. 0-0 e5 10. dxe5 Bxe5 11. Nxe5 Nxe5 12. Qc3 Re8 13. Bxb7 Rb8 14. Bg2 Bb5 15. Ne4 Bxe2 16. Re1 Nf3+ 17. Bxf3 Nxe4 18. Bxe4 Rxe4 19. Be3 Rc4 20. Qe5 Bf3 21. Bxa7 Ra8 22. b3 Rc6 23. Bd4 Rg6 24. Re3 Bc6 25. Rc1 Qd7 26. b4 Rc8 27. h4 h6 28. Kh2 Rb8 29. a3 Rb5 30. Bc5 Rb8 31. Bd4 Rb5 32. Rc5 Rxc5 33. bxc5 Kh7 34. f3 Qc8 35. Qf4 Qd7 36. Bc3 Re6 37. Qg4 g6 38. Qf4 Rxe3 39. Qxe3 Qd5 40. Kg2 Qa2+ 41. Bd2 h5 42. Kf2 Qd5 43. Ba5 Qa2+ 44. Kg1 Qa1+ 45. Kg2 Qb2+ 46. Bd2 Bd5 47. a4 Qa2 48. a5 Kg8 49. Kf2 Kh7 50. Qf4 Bc4 51. Qd4 Qc2 52. Ke3 Bb5 53. Qd5 Kg8 54. a6 Qa4 55. Bc3 Kf8 56. Qa8+ Be8 57. a7 Qa3 58. Kd3 Qa6+ 59. Ke3 Qa3 60. Kd4 Qa4+ 61. Ke5 Ke7 62. Qe4 Qxe4+ 63. fxe4 Bc6 64. Ba5 f6+ 65. Kf4 Kd7 66. Bc3 Ke6 67. e5 fxe5+ 68. Bxe5 Kd5 69. Bxc7 Kxc5 70. Ke5 Kb5 71. Kd6 Bf3 72. Kd7 Ka6 73. Bb8 Kb7 1/2-1/2

[Event "Titled Tuesday intern op 30th Apr Early"]
[Site "Chess.com INT"]
[Date "2024.04.30"]
[Round "4"]
[White "Brenke, Andreas"]
[Black "Khazhatuly, Alikhan"]
[Result "0-1"]
[WhiteElo "2349"]
[BlackElo "1990"]
[PlyCount "38"]
[EventDate "2024.04.30"]
[EventType "swiss (blitz)"]
[EventRounds "11"]
[EventCountry "USA"]
[SourceTitle "CBM 220 Extra"]
[Source "ChessBase"]
[SourceDate "2024.07.31"]
[SourceVersion "1"]
[SourceVersionDate "2024.07.31"]
[SourceQuality "1"]

1. d4 d5 2. c4 e6 3. Nc3 Nf6 4. Bg5 Be7 5. e3 h6 6. Bxf6 Bxf6 7. Nf3 0-0 8. Rc1 Re8 9. h4 dxc4 10. Bxc4 Nd7 11. g4 c5 12. g5 cxd4 13. exd4 hxg5 14. hxg5 Bxg5 15. Nxg5 Qxg5 16. Qc2 Nf6 17. Ne4 Nxe4 18. Qxe4 Qxc1+ 19. Ke2 Qxc4+ 0-1

[Event "Titled Tuesday intern op 30th Apr Early"]
[Site "Chess.com INT"]
[Date "2024.04.30"]
[Round "2"]
[White "Christiansen, Johan Sebastian"]
[Black "Khazhatuly, Alikhan"]
[Result "1-0"]
[WhiteElo "2637"]
[BlackElo "1990"]
[PlyCount "67"]
[EventDate "2024.04.30"]
[EventType "swiss (blitz)"]
[EventRounds "11"]
[EventCountry "USA"]
[SourceTitle "CBM 220 Extra"]
[Source "ChessBase"]
[SourceDate "2024.07.31"]
[SourceVersion "1"]
[SourceVersionDate "2024.07.31"]
[SourceQuality "1"]

1. e4 c5 2. Nf3 e6 3. c3 Nf6 4. Bd3 Nc6 5. Bc2 d5 6. e5 Nd7 7. d4 cxd4 8. cxd4 Be7 9. Nc3 b6 10. 0-0 a6 11. Ne2 Bb7 12. Ng3 Rc8 13. Nh5 g6 14. Nf4 0-0 15. a3 b5 16. Re1 Re8 17. g3 Qb6 18. Be3 Na5 19. h4 Nc4 20. Bc1 Qc7 21. Bd3 Bf8 22. h5 Bg7 23. Kg2 Bc6 24. Rh1 Qb7 25. Qe2 Ncxe5 26. Nxe5 Bxe5 27. dxe5 d4+ 28. f3 Nxe5 29. Qxe5 Bxf3+ 30. Kh2 Bxh1 31. h6 f5 32. Bd2 Be4 33. Bxe4 Qxe4 34. Qg7# 1-0

[Event "Titled Tuesday intern op 30th Apr Early"]
[Site "Chess.com INT"]
[Date "2024.04.30"]
[Round "3"]
[White "Khazhatuly, Alikhan"]
[Black "Onyshchuk, Volodymyr"]
[Result "0-1"]
[WhiteElo "1990"]
[BlackElo "2619"]
[PlyCount "32"]
[EventDate "2024.04.30"]
[EventType "swiss (blitz)"]
[EventRounds "11"]
[EventCountry "USA"]
[SourceTitle "CBM 220 Extra"]
[Source "ChessBase"]
[SourceDate "2024.07.31"]
[SourceVersion "1"]
[SourceVersionDate "2024.07.31"]
[SourceQuality "1"]

1. e4 d6 2. d4 Nf6 3. Nc3 g6 4. Nf3 Bg7 5. Bd3 0-0 6. 0-0 Nc6 7. Qe2 Bg4 8. h3 Nxd4 9. Qe3 Nxf3+ 10. gxf3 Bxh3 11. Re1 e5 12. Bd2 Nh5 13. Ne2 h6 14. Kh2 Be6 15. Rg1 Qh4+ 16. Kg2 Qh3# 0-1

[Event "Titled Tuesday intern op 30th Apr Early"]
[Site "Chess.com INT"]
[Date "2024.04.30"]
[Round "11"]
[White "Khazhatuly, Alikhan"]
[Black "Pahomov, Ruslan"]
[Result "1/2-1/2"]
[WhiteElo "1990"]
[BlackElo "2191"]
[PlyCount "69"]
[EventDate "2024.04.30"]
[EventType "swiss (blitz)"]
[EventRounds "11"]
[EventCountry "USA"]
[SourceTitle "CBM 220 Extra"]
[Source "ChessBase"]
[SourceDate "2024.07.31"]
[SourceVersion "1"]
[SourceVersionDate "2024.07.31"]
[SourceQuality "1"]

1. e4 d5 2. exd5 Qxd5 3. Nc3 Qe5+ 4. Be2 Bg4 5. d4 Bxe2 6. Ngxe2 Qa5 7. 0-0 Nf6 8. h3 Nc6 9. Bd2 0-0-0 10. Be3 e5 11. a3 exd4 12. Nxd4 Nxd4 13. Bxd4 Qf5 14. b4 Bd6 15. Qd3 Qxd3 16. cxd3 Bh2+ 17. Kxh2 Rxd4 18. Rfe1 Rxd3 19. Rac1 Rd7 20. Re2 Re8 21. Rec2 Ree7 22. f3 Nd5 23. Nb5 a6 24. Nc3 Nxc3 25. Rxc3 Rd2 26. f4 c6 27. Rg3 g6 28. f5 Ree2 29. Rf1 Rf2 30. fxg6 fxg6 31. Re1 Rde2 32. Rd1 Rd2 33. Re1 Rfe2 34. Rf1 Rf2 35. Re1 1/2-1/2